| 000 | 01039nam a2200205 a 4500 | ||
|---|---|---|---|
| 001 | 000012829 | ||
| 003 | AM-YeHGA | ||
| 005 | 20250617162402.0 | ||
| 008 | 030314s1958 ||||||||||||||||||||rus d | ||
| 040 | _aAM-YeHGA | ||
| 100 | 1 | _aТажибаев, Тулеген Тажибаевич | |
| 245 | 1 | 0 |
_aРазвитие просвещения и педагогической мысли в Казахстане во второй половине 19 века / _cТ.Т. Тажибаев ; Под ред. С.Б. Баишева ; АН КазССР. |
| 260 |
_aАлма-Ата : _bИзд-во АН КазССР, _c1958. |
||
| 300 | _aч. | ||
| 505 | 1 | 0 |
_gЧ. 1 (1958, 97 с.) _tСоциально-экономические предпосылки развития просвещения и педагогической мысли в Казахстане |
| 650 | 1 | 4 | _aНародное образование |
| 700 | 1 |
_aБаишев, С.Б. _eред. _4edt |
|
| 710 | 2 | _aАкадемия наук Казахской ССР | |
| 090 | _c491845 | ||
| 999 |
_c488476 _d488476 |
||